[Event "Baku FIDE GP"]
[Site "Baku"]
[Date "2008.05.05"]
[Round "13"]
[White "Bacrot, Etienne"]
[Black "Carlsen, Magnus"]
[Result "0-1"]
[WhiteElo "2705"]
[BlackElo "2765"]
[Annotator "Ftacnik,Lubomir"]
[PlyCount "124"]
[EventDate "2008.04.21"]
[EventType "tourn"]
[EventRounds "13"]
[EventCountry "AZE"]
[EventCategory "19"]
[SourceTitle "CBM 124"]
[Source "ChessBase"]
[SourceDate "2008.05.28"]
[SourceVersion "1"]
[SourceVersionDate "2008.05.28"]
[SourceQuality "1"]

1. d4 Nf6 2. c4 e6 3. Nc3 Bb4 4. Nf3 b6 5. Bg5 Bb7 6. Nd2 h6 7. Bh4 Nc6 8. a3 Bxc3 9. bxc3 Qe7 {The knight from the square can be relocated later and Carlsen sees no need to lose time for d6-bd7.} 10. e3 g5 11. Bg3 d6 12. h4 $146 {The first independent move can not achieve much as the second player is already somewhat ahead in the development.} (12. Be2 O-O-O 13. Rb1 e5 14. d5 Na5 15. e4 Nd7 16. h4 Kb8 17. h5 Nc5 18. Qc2 Bc8 19. Nf1 Rhf8 20. Ne3 Nxe4 21. Qxe4 f5 22. Qc2 f4 23. O-O e4 24. Qd2 fxg3 25. fxg3 Qe5 $17 {1-0 Pelletier,Y (2607)-Perunovic,M (2420)/Plovdiv 2008 (49)}) ({RR} 12. Be2 O-O-O 13. Rb1 e5 14. d5 Na5 15. e4 Nd7 16. h4 Kb8 17. h5 Nc5 18. Qc2 Bc8 19. Nf1 Rhf8 20. Ne3 Nxe4 21. Qxe4 f5 22. Qc2 f4 23. O-O e4 24. Qd2 fxg3 25. fxg3 Qe5 26. g4 Qg3 {Pelletier,Y (2607)-Perunovic,M (2420) Plovdiv 2008 1-0 (49)}) ({RR} 12. Qa4 O-O-O {½-½ (12) Henrichs,T (2503)-Stark,L (2415) Germany 2013}) 12... O-O-O 13. Be2 Nd7 (13... Na5 $5 14. f3 (14. Bf3 Nd7 15. Bxb7+ Kxb7 16. Qf3+ c6 $11) 14... g4 15. Qc2 Rdg8 16. Bf2 gxf3 17. gxf3 Ng4 18. Bg1 f5 $15) 14. Nb3 f5 15. Qc2 Rhf8 16. f3 (16. hxg5 hxg5 17. O-O-O Kb8 $13) 16... e5 17. hxg5 hxg5 18. O-O-O {The real start of the middle game in a fairly even position. White will try to control the open h-file, Black will hope for action on the queenside.} (18. d5 $5 Ncb8 19. e4 f4 20. Bf2 Na6 $11) 18... Rde8 19. Bd3 (19. d5 Ncb8 20. Bf2 $11) 19... Qf7 20. Rh6 Ba6 21. Nd2 (21. d5 Ne7 22. Rdh1 $11) 21... exd4 22. exd4 Na5 23. Rdh1 $1 Re7 (23... Nxc4 $2 24. Qa4 Nxd2 25. Qxa6+ Kb8 26. Kxd2 Qa2+ 27. Bc2 $18) (23... Bxc4 $6 24. Nxc4 Nxc4 25. Qa4 b5 (25... Re3 26. Rh7 $18) 26. Qxb5 Ncb6 27. c4 $16) 24. Qa4 {Bacrot is not finding courage to play the principal move h7, as he probably feared the strength of enemy's counterplay with two rooks.} (24. Rh7 Qxh7 (24... Qf6 25. Rxe7 Qxe7 26. Bxf5 Bxc4 27. Qe4 Qxe4 28. fxe4 $16) 25. Rxh7 Rxh7 26. Bxf5 Rh1+ 27. Kb2 Nxc4+ (27... Rg1 28. Bh3 g4 $5 29. fxg4 Re8 30. g5 Nxc4+ (30... Re2 31. Bf4 Nxc4+ 32. Kb3 Na5+ 33. Ka4 $16) 31. Nxc4 Bxc4 32. Bf2 Rf1 33. Bg4 b5 34. Bg3 Kb8 $13) 28. Nxc4 Bxc4 29. Qe4 Rxf5 $1 30. Qxf5 Rg1 31. Qh3 Bf1 32. Qg4 Rxg2+ 33. Kc1 Bc4 34. Qxg5 b5 $13) 24... Re3 25. Rh7 Qe8 26. Qc2 (26. Kc2 $2 Rxd3 27. Kxd3 Nc5+ $19) 26... Nf6 27. R7h6 (27. Bxf5+ $2 Kb8 28. R7h6 Nxc4 $17) 27... Kb7 28. Bf2 Rxd3 $5 {[%mdl 32] Carlsen is growing into a great follower of Tigran Petrosian in his love for positional exchange sacrifices.} (28... Re7 29. d5 $11) 29. Qxd3 Nd5 30. Re1 (30. g3 Qa4 $13) 30... Qa4 31. Qc2 Qxa3+ 32. Qb2 Qxb2+ 33. Kxb2 Nxc4+ 34. Nxc4 (34. Kc2 g4 $15) 34... Bxc4 {Black can be satisfied with two pawns and excellent control of many squares.} 35. Be3 (35. Rh7 Rg8 $15) 35... g4 36. fxg4 $6 (36. Bd2 gxf3 37. gxf3 Rg8 $15) 36... fxg4 37. Rg6 $2 a5 $2 {The upcoming time control has seriously influenced the quality of play of both players. The mutual blunder ignores the fact, that Bacrot could have lost the piece.} (37... Re8 $1 38. Bd2 Rxe1 39. Bxe1 Nf4 40. Rxg4 Nd3+ 41. Ka3 Nxe1 $19) 38. Rxg4 a4 39. Rg3 (39. Ka3 b5 40. g3 Nxc3 $17) 39... a3+ 40. Kxa3 $2 (40. Ka1 b5 41. Rf3 Rxf3 42. gxf3 Nxc3 $15) 40... Ra8+ 41. Kb2 Ra2+ 42. Kc1 Nxc3 {The excitement is over; White will lose the exchange and the ending should be winning for Black.} 43. Bd2 (43. Bf4 Ne2+ 44. Rxe2 Rxe2 45. Rg7 Kc6 $17) 43... Ne2+ 44. Rxe2 Bxe2 45. Rg7 Ra4 46. Bc3 (46. Be3 b5 47. g4 b4 $17) 46... b5 47. g4 Bf3 (47... b4 48. Bd2 Bc4 $17) 48. g5 b4 49. Bb2 (49. Bd2 Bd5 $17) 49... Ra5 {Magnus is able to stop the dangerous g-pawn and the white bishop b2 will remain a misserable piece.} 50. Kc2 (50. g6 Be4 51. Rg8 Rg5 $19) 50... Bd5 51. Re7 (51. g6 Bc4 52. Re7 Rg5 53. g7 Rg2+ 54. Kc1 Bd5 $19) 51... Bc4 52. Bc1 Rf5 53. Bd2 Rf2 54. g6 Rg2 55. g7 Kc6 56. Re8 (56. Kc1 b3 $19) 56... Bf7 57. Rb8 (57. Re7 Bg8 $19) 57... b3+ 58. Kc3 Rxg7 59. Kb2 Bc4 60. Kc3 Kd5 {Finally all black pieces can work together, White is lost.} 61. Rb7 Rg3+ 62. Kb2 Kxd4 (62... Kxd4 63. Rxc7 Rg2 64. Kc1 b2+ $19) 0-1

[Event "Madrid sim"]
[Site "Madrid"]
[Date "2008.05.24"]
[Round "?"]
[White "Carlsen, Magnus"]
[Black "Rubio Mejia, Luis Ignacio"]
[Result "1-0"]
[WhiteElo "2765"]
[BlackElo "2379"]
[PlyCount "113"]
[EventDate "2008.05.24"]
[EventType "simul"]
[EventRounds "1"]
[EventCountry "ESP"]
[SourceTitle "CBM 124 Extra"]
[Source "ChessBase"]
[SourceDate "2008.07.03"]
[SourceVersion "1"]
[SourceVersionDate "2008.07.03"]
[SourceQuality "1"]

1. d4 {Marin,Mihail} Nf6 2. c4 e6 3. Nf3 b6 4. g3 Bb7 5. Bg2 Be7 6. Nc3 Ne4 7. Bd2 f5 8. d5 Bf6 9. Qc2 exd5 $146 ({RR} 9... Na6 10. Nxe4 fxe4 11. Qxe4 Nc5 ({RR} 11... Bxb2 12. Rd1 ({RR} 12. Rb1)) 12. Qc2 exd5 13. O-O dxc4 14. Qxc4 d5 15. Qc2 O-O 16. Rac1 Rf7 17. b4 Ne4 18. Bf4 Qe8 19. Ne1 Nc3 20. Bf3 a5 21. bxa5 Rxa5 22. Qb3 Nxe2+ 23. Bxe2 Qxe2 24. Rc2 {Vukic,M-Sibarevic,M Yugoslavia 1968 ½-½ (54)}) ({RR} 9... Na6 10. Nxe4 fxe4 11. Qxe4 Nc5 12. Qe3 O-O ({RR} 12... Bxb2 13. Rb1 Qf6 14. O-O O-O 15. Bb4 d6 16. g4 g6 17. g5 Qg7 18. Rxb2 Qxb2 19. Bc3 Qa3 20. Qd4 e5 21. Nxe5 dxe5 22. Qxe5 Kf7 23. Qg7+ Ke8 24. d6 cxd6 25. Bxb7) 13. dxe6 ({RR} 13. Bb4 exd5 14. Bxc5 bxc5 15. cxd5 Bxd5 16. Qxc5 c6 17. O-O Qb6) 13... Re8 14. Qa3 Qe7 ({RR} 14... Rxe6 15. Be3) 15. Be3 ({RR} 15. O-O Qxe6) 15... Qxe6 16. Rc1 Ne4 17. O-O Nd6 18. Bd4 ({RR} 18. b3 Nf5 19. Bf4 Qxe2 20. Rce1 Qd3 21. Rxe8+ Rxe8 22. Ne1) 18... Be7 ({RR} 18... Qxe2 19. Rfe1) ({RR} 18... Nxc4 19. Qd3 b5 20. Bxf6 Qxf6 21. b3 Nb6 22. Rxc7) 19. c5 ({RR} 19. Qc3) ({RR} 19. Qd3 Be4 20. Qc3) 19... Ne4 20. Nd2 Nxd2 ({RR} 20... bxc5) 21. Bxb7 Rab8 22. Rfd1 Rxb7 23. Rxd2 Reb8 24. Qe3 {Aronian,L (2750)-Morozevich,A (2758) Mexico City 2007 CBM 120 [Marin,Mihail] ½-½ (69)} ({RR} 24. b3)) ({RR} 9... Qe7) ({RR} 9... Nxd2 10. Nxd2 O-O 11. O-O g6 12. e4 Na6 13. exf5 exf5 14. Nb3 c5 15. dxc6 dxc6 16. c5 Nb4 17. Qe2 Qd3 18. Qe6+ Kg7 19. Rfd1 Rae8 20. Rxd3 Rxe6 21. Rd7+ Rf7 22. Rxf7+ Kxf7 23. Bf1 b5 24. Rd1 {Berczes,D (2441)-Ilincic,Z (2296) Budapest 2022 ½-½ (34)}) ({RR} 9... Nxd2 10. Qxd2 O-O 11. Rd1 a5 12. O-O Na6 13. Nd4 Nc5 14. f4 Bxd4+ 15. Qxd4 exd5 16. cxd5 d6 17. e4 fxe4 18. Nxe4 Nxe4 19. Bxe4 Qf6 20. Qxf6 Rxf6 21. Rc1 Rf7 22. Rc3 Re8 23. Bf3 Ree7 24. Rd1 {Cortes Jurado,R (2083)-Rubio Mejia,L (2373) Parla 2010 0-1 (56)}) ({RR} 9... Nxd2 10. Nxd2 O-O 11. O-O a5 12. Rad1 Na6 13. Nb3 Qc8 14. Nd4 Bxd4 15. Rxd4 e5 16. Rdd1 d6 17. f4 Qe8 18. e4 Bc8 19. Rde1 exf4 20. Rxf4 Nc5 21. Ref1 Qe5 22. exf5 Bd7 23. g4 g5 24. R4f2 {Tukmakov,V (2500)-Timman,J (2655) Las Palmas 1982 ½-½ (77)}) 10. Nxd5 Nc6 11. O-O O-O 12. Rad1 a5 13. Be3 Qc8 14. Nd4 Nxd4 15. Bxd4 Bxd5 16. cxd5 Bxd4 17. Rxd4 Nc5 18. d6 Ra7 19. dxc7 Rxc7 20. Rfd1 Kh8 21. Qd2 Qe8 22. Rd6 Ne4 23. Bxe4 Qxe4 24. Rxb6 Rc2 25. Qd6 Re8 26. Qd3 Rxe2 27. Qxe4 fxe4 28. Rxd7 e3 29. fxe3 R2xe3 30. Rbb7 Re1+ 31. Kg2 R1e2+ 32. Kh3 h6 33. Rxg7 Rxb2 34. Rh7+ Kg8 35. Rbg7+ Kf8 36. Ra7 Kg8 37. Rxh6 Rxa2 38. Rb6 Rf8 39. Rb5 a4 40. Rb4 Rff2 41. Kg4 Rfb2 42. Rxb2 Rxb2 43. h4 Rb4+ 44. Kh3 Rc4 45. h5 Rb4 46. g4 Rb3+ 47. Kh4 a3 48. h6 Rb6 49. Kh5 Rc6 50. g5 Rc5 51. Rxa3 Rb5 52. Ra8+ Kh7 53. Ra7+ Kg8 54. Re7 Ra5 55. Kg6 Ra6+ 56. Kf5 Ra5+ 57. Re5 1-0

[Event "Foros Aerosvit 3rd"]
[Site "Foros"]
[Date "2008.06.09"]
[Round "2"]
[White "Svidler, Peter"]
[Black "Carlsen, Magnus"]
[Result "1/2-1/2"]
[WhiteElo "2746"]
[BlackElo "2765"]
[PlyCount "43"]
[EventDate "2008.06.08"]
[EventType "tourn"]
[EventRounds "11"]
[EventCountry "UKR"]
[EventCategory "19"]
[SourceTitle "CBM 125"]
[Source "ChessBase"]
[SourceDate "2008.07.30"]
[SourceVersion "1"]
[SourceVersionDate "2008.07.30"]
[SourceQuality "1"]

1. d4 Nf6 2. c4 e6 3. Nf3 b6 4. g3 Ba6 5. Qc2 Bb7 6. Bg2 c5 7. d5 exd5 8. cxd5 Nxd5 9. O-O Be7 10. Rd1 Qc8 11. Qf5 Nf6 12. Bg5 Nc6 13. Nc3 d5 14. Qf4 d4 15. Bxf6 Bxf6 16. Nd5 Bd8 17. e3 Ne7 18. Nxe7 Bxe7 19. exd4 O-O 20. dxc5 bxc5 21. Rac1 a5 $146 ({RR} 21... Rb8 22. b3 Bxf3 23. Bxf3 Rb6 24. Rd5 g6 25. Kg2 Rd8 26. Rxd8+ Qxd8 27. Qa4 Qc7 28. Bd5 Kg7 29. Qe4 Qd6 30. a3 Bf6 31. Qf3 Qe7 32. Qe3 {½-½ (32) Sargissian,G (2676)-Hou,Y (2527) Merida 2008}) 22. b3 1/2-1/2

[Event "Foros Aerosvit 3rd"]
[Site "Foros"]
[Date "2008.06.11"]
[Round "4"]
[White "Eljanov, Pavel"]
[Black "Carlsen, Magnus"]
[Result "0-1"]
[WhiteElo "2687"]
[BlackElo "2765"]
[Annotator "Marin,Mihail"]
[PlyCount "164"]
[EventDate "2008.06.08"]
[EventType "tourn"]
[EventRounds "11"]
[EventCountry "UKR"]
[EventCategory "19"]
[SourceTitle "CBM 125"]
[Source "ChessBase"]
[SourceDate "2008.07.30"]
[SourceVersion "1"]
[SourceVersionDate "2008.07.30"]
[SourceQuality "1"]

1. d4 Nf6 2. c4 e6 3. g3 d5 4. Bg2 Be7 5. Nf3 O-O 6. O-O dxc4 7. Qc2 a6 8. Qxc4 b5 9. Qc2 Bb7 10. Bd2 Bd6 11. Ng5 $5 $146 {By exchanging the light-squared bishops, White unblocks the e4-square, preparing to win space in the centre. On the other hand, White slightly neglects his development, but didn't Black do the same by moving with his dark-squared bishop twice?} Bxg2 12. Kxg2 Nbd7 13. e4 e5 {The logical reaction in the centre.} 14. dxe5 ({White is not prepared for the method employed by Volokitin against Onischuk in the same tournament:} 14. f4 $6 exd4 15. e5 Bxe5 16. fxe5 Nxe5 $15 17. Rxf6 $2 d3 $1 $17) 14... Nxe5 15. f4 Nc4 16. b3 $1 (16. e5 $6 h6 17. exf6 (17. Nf3 $2 Ng4) 17... hxg5 18. fxg7 Re8 $32) 16... Nxd2 {Exchanging a piece that has jumped around so many times helps White catch up with Black in development, but there was no other possibility.} (16... Nb6 $2 17. e5 $18) (16... h6 $2 17. bxc4 hxg5 18. e5 $16) 17. Nxd2 h6 18. Ngf3 Bb4 {So far, Carlsen played in blitz mode, which makes us think that the novelty did not come as a surprise to him. However, I am not sure that Black can be that happy with the outcome of the opening. White is better developed and enjoys an advantage of space in the right half of the board. He only has to work out some concrete details in order to avoid problems connected with the undefended squares behind the advanced pawns.} 19. Rfd1 $6 {Obviously, this is not the way to place rooks in this position, but Eljanov may have been concerned about the threat ...g4-e3.} ({Indeed,} 19. Rad1 $6 {was not better:} Qe7 (19... Ng4 20. Rfe1 Qe7 21. Re2 Rad8 22. e5 $5 $14) 20. Nd4 (20. Rfe1 Rad8 21. Ne5 Qe6 22. Re2) (20. Ne5 c5 21. Ndf3) 20... Bxd2 (20... Ng4 21. Qd3 Rad8 22. N2f3 $14 c5 $2 23. Nc6 $18) 21. e5 c5 $1 (21... Ng4 22. Qxd2 $16) (21... Bb4 22. Nc6 Qc5 23. Qxc5 Bxc5 24. exf6 $44) 22. exf6 Qxf6 23. Qxc5 Be3 $15) ({Since White's plan is to advance his kingside pawns, it would have made sense to concentrate rooks on this area of the board with} 19. Rae1 $5 c5 (19... Qe7 $6 {Playing as in the game makes little sense for Black now.} 20. Re2 Rad8 21. e5 Nd5 (21... Rfe8 22. Ne4 Nxe4 23. Qxe4 $14 {[%cal Gf4f5]}) 22. Ne4 $36 {[%cal Gf4f5,Gf3d4]}) 20. Re2 Qb6 {This is a better way to strive for counterplay.} 21. e5 Nd5 22. Ne4 {[%csl Rd6,Rf6,Rg7][%cal Gf3h4,Gh4f5]} c4 $5 23. bxc4 $1 Ne3+ 24. Rxe3 Qxe3 25. Rb1 Qa3 (25... Be7 26. c5 {[%csl Re3][%cal Gb1b3]} Rfc8 27. Rb3 Rxc5 28. Nxc5 Qxc5 29. Qxc5 Bxc5 30. Rc3 Bb6 31. Rc6 Rb8 32. Kf1 a5 33. Ke2 b4 34. Kd3 $14) 26. c5 Rac8 27. Rb3 Qa4 28. Kh3 $1 $44 {[%cal Gf4f5,Gc5c6,Ge4d6]} (28. c6 $2 Rxc6 $1) (28. f5 $2 Bxc5 $1)) 19... Qe7 20. e5 Nd5 21. Nf1 $11 {Quite sadly, the knight which seemed designed for the central e4-square has to occupy a defensive position.} Rad8 22. a3 $146 (22. Nd4 c5 23. Nf5 Qb7 $36) ({RR} 22. Nd4 c5 23. Nf5 Qb7 24. Kh3 Qc8 25. Kg2 Qb7 26. Kh3 Qc8 27. Kg2 Qb7 {½-½ (27) Miroshnichenko,E (2690)-Djukic,N (2503) Ohrid 2009}) 22... Bc5 (22... Bxa3 23. Nd4 c5 24. Nf5 Qb7 25. Kf2 Bb4 26. Qe4 $44) 23. b4 Bb6 24. Rd2 Qd7 25. f5 {This looks less threatening now without the support of all the pieces.} Rfe8 26. Rad1 c6 $11 {/ Black is well developed and enjoys stability in the centre. White's attacking prospects are not too realistic.} 27. Rc1 Be3 $5 {An interesting way of striving for active counterplay.} (27... Rc8 $11) 28. Rxd5 $8 cxd5 29. Nxe3 d4 30. Nf1 $6 {On general grounds, the player with two knights for a rook should avoid the exchange of the additional pair of rooks.} (30. Rd1 {should probably have been preferred.} Qb7 31. Nf1 Rxe5 32. Kf2 Red5 $13) 30... Rc8 31. Qd1 Rxc1 32. Qxc1 Qxf5 $44 {/ Black's play is easier now. White's display of activity will only bring him trouble.} 33. Qc6 Rc8 34. Qxa6 Rc2+ 35. N1d2 g5 36. Qxh6 g4 37. Nh4 Qxe5 38. Kf2 Ra2 39. h3 d3 40. Qe3 Qxe3+ 41. Kxe3 gxh3 42. Nhf3 Rxa3 43. Kf2 Ra4 44. Kg1 Rxb4 45. Kh2 Ra4 46. Kxh3 Ra8 47. Nd4 b4 48. Kg4 Re8 49. Kf5 Re2 50. N4b3 Kf8 51. Ne4 Ke7 52. Ke5 Rg2 53. Kf4 Ke6 54. Kf3 Re2 55. Nec5+ Kd5 56. Nxd3 Re8 57. Na5 Rb8 58. Nc1 Kc5 59. Nd3+ Kd5 60. Nc1 Rc8 61. Ncb3 Ke5 62. Ke2 Rc2+ 63. Kf3 Rc3+ 64. Kg4 Ke4 65. Nb7 Kd3 66. N3a5 Kd4 67. Kf4 Kd5 68. Nd8 Rc8 69. Ndb7 Rc3 70. Nd8 Ra3 71. Ndc6 b3 72. Nxb3 Rxb3 73. Ne5 Rb1 74. g4 Rf1+ 75. Nf3 Ke6 76. Kg3 Ra1 77. Kf4 Ra4+ 78. Kg3 Kd5 79. Nh4 Ke4 80. g5 Ke5 81. Kh3 Kf4 82. g6 Kg5 0-1